00358nam a2200169Ia 4500003000400000005001700004008004100021020001900062040000700081041000800088082001300096100001200109245002200121260001700143300000900160700001900169OSt20260224113835.0250729s2007 xx 000 0 und d a978-1912333363 cAL aeng a000 HIMS aHi-Mark aThe school winner aKeralac2007 a619p aRao Digumurthi